00273nam a2200085Ia 4500008004100000082002300041100002200064245008000086300002100166230907s9999||||xx |||||||||||||| ||und|| a621.042028553bBLA aBlaabjerg, Frede, 0aRenewable energy devices and systems with simulations in MATLAB and ANSYS / axii, 402 pages ;